[Event "COL-ch rapid (Women)"]
[Site "Quibdo"]
[Date "2015.11.09"]
[Round "8"]
[White "Salcedo, Jackeline"]
[Black "Martinez, Laura Natalia"]
[Result "1-0"]
[WhiteElo "1924"]
[BlackElo "1562"]
[PlyCount "45"]
[EventDate "2015.11.09"]
[EventType "swiss (rapid)"]
[EventRounds "9"]
[EventCountry "COL"]
[SourceTitle "CBM 169 Extra"]
[Source "ChessBase"]
[SourceDate "2015.12.18"]
[SourceVersion "1"]
[SourceVersionDate "2015.12.18"]
[SourceQuality "1"]

1. d4 f5 2. c4 Nf6 3. Nc3 e6 4. g3 c6 5. Bg2 d5 6. cxd5 cxd5 7. Nf3 Bd6 8. 0-0 0-0 9. Nb5 Be7 10. Bf4 Na6 11. Rc1 Bd7 12. Nc7 Nxc7 13. Bxc7 Qe8 14. Ne5 Rc8 15. Qd2 Ne4 16. Qa5 a6 17. Qb6 Nd6 18. Bxd6 Bxd6 19. Qxd6 Bb5 20. Rfe1 Rxc1 21. Rxc1 Bxe2 22. Rc7 Qb8 23. Qxe6+ 1-0

[Event "Bogota Superate Intercol Adv-B (Women)"]
[Site "Bogota"]
[Date "2014.10.??"]
[Round "6.2"]
[White "Martinez, Laura Natalia"]
[Black "Valencia, Luisa Fernanda"]
[Result "0-1"]
[WhiteElo "1693"]
[BlackElo "1531"]
[PlyCount "72"]
[EventDate "2014.10.25"]
[EventType "swiss (rapid)"]
[EventRounds "6"]
[EventCountry "COL"]
[SourceTitle "EXT 2024"]
[Source "ChessBase"]
[SourceDate "2023.10.10"]
[SourceVersion "1"]
[SourceVersionDate "2023.10.10"]
[SourceQuality "1"]

1. c4 Nf6 2. Nc3 g6 3. g3 e6 4. Bg2 d5 5. cxd5 exd5 6. d4 Bg7 7. Bg5 Be6 8. Nf3 0-0 9. 0-0 Nbd7 10. Qd2 Rc8 11. Ne5 c5 12. e3 Qc7 13. Nxd7 Qxd7 14. Ne2 Bh3 15. Bxh3 Qxh3 16. Nf4 Ne4 17. Qe2 Qf5 18. Be7 Rfe8 19. Bxc5 Nxc5 20. dxc5 Rxc5 21. Nd3 Rb5 22. Rac1 d4 23. b3 Bh6 24. Nc5 Rxc5 25. Rxc5 Qxc5 26. e4 Qe5 27. f3 Be3+ 28. Kg2 Rd8 29. Qd3 Qa5 30. a4 Qd2+ 31. Qxd2 Bxd2 32. Rd1 Be3 33. Rd3 Rc8 34. f4 Rc2+ 35. Kh3 Bg1 36. f5 Rxh2+ 0-1

[Event "COL-ch sf (Women)"]
[Site "Medellin"]
[Date "2014.??.??"]
[Round "5"]
[White "Martinez, Laura Natalia"]
[Black "Gomez Vasquez, Laura Sofia"]
[Result "1/2-1/2"]
[WhiteElo "1657"]
[BlackElo "1539"]
[PlyCount "80"]
[EventDate "2014.04.15"]
[EventType "swiss"]
[EventRounds "9"]
[EventCountry "COL"]
[SourceTitle "CBM 160 Extra"]
[Source "ChessBase"]
[SourceDate "2014.07.01"]
[SourceVersion "1"]
[SourceVersionDate "2014.07.01"]
[SourceQuality "1"]

1. c4 e5 2. Nc3 Nf6 3. Nf3 Nc6 4. d4 exd4 5. Nxd4 Bc5 6. Be3 Nxd4 7. Bxd4 Bb4 8. e3 Bxc3+ 9. Bxc3 d6 10. c5 d5 11. Bxf6 Qxf6 12. Qxd5 0-0 13. Bc4 Be6 14. Qe4 Bxc4 15. Qxc4 Qxb2 16. 0-0 Rab8 17. Rad1 Rfd8 18. Qh4 Rxd1 19. Rxd1 h6 20. g3 c6 21. a4 Qc2 22. Rd8+ Rxd8 23. Qxd8+ Kh7 24. Qe7 Qd1+ 25. Kg2 Qd5+ 26. e4 Qc4 27. Qe5 Qxa4 28. Qf5+ Kg8 29. e5 Qc4 30. Qc8+ Kh7 31. Qxb7 Qe4+ 32. Kg1 Qxe5 33. Qxc6 a5 34. Qd6 Qe1+ 35. Kg2 Qe4+ 36. Kg1 Qe1+ 37. Kg2 a4 38. c6 Qe4+ 39. Kg1 a3 40. Qxa3 Qxc6 1/2-1/2

[Event "COL-ch sf (Women)"]
[Site "Medellin"]
[Date "2014.??.??"]
[Round "1"]
[White "Martinez, Laura Natalia"]
[Black "Hernandez Fonseca, Maria Paula"]
[Result "0-1"]
[WhiteElo "1657"]
[BlackElo "1970"]
[PlyCount "58"]
[EventDate "2014.04.15"]
[EventType "swiss"]
[EventRounds "9"]
[EventCountry "COL"]
[SourceTitle "CBM 160 Extra"]
[Source "ChessBase"]
[SourceDate "2014.07.01"]
[SourceVersion "1"]
[SourceVersionDate "2014.07.01"]
[SourceQuality "1"]

1. c4 c6 2. d4 d5 3. cxd5 cxd5 4. Nc3 Nf6 5. Nf3 Bf5 6. Bf4 e6 7. e3 Bd6 8. Bd3 Bxd3 9. Qxd3 Bxf4 10. exf4 0-0 11. 0-0 Nbd7 12. Ne5 Nb6 13. b3 Rc8 14. Rac1 a6 15. f5 Qd6 16. fxe6 Qxe6 17. Ne2 Qd6 18. f4 Ne4 19. Ng3 f6 20. Ng4 Rxc1 21. Rxc1 Qxf4 22. Qd1 Nxg3 23. hxg3 Qxg3 24. Qe2 Qf4 25. Rd1 Qe4 26. Qxe4 dxe4 27. d5 Kf7 28. d6 Rd8 29. Kf2 Ke6 0-1